HIGH COURT CRIMINAL SESSION NO.666 OF 1970 Uganda Vs George Kagasira (Record no. 6764)
[ view plain ]
| 000 -LEADER | |
|---|---|
| fixed length control field | 00472nam a22001097a 4500 |
| 008 - FIXED-LENGTH DATA ELEMENTS--GENERAL INFORMATION | |
| fixed length control field | 150625b xxu||||| |||| 00| 0 eng d |
| 010 ## - LIBRARY OF CONGRESS CONTROL NUMBER | |
| Field link and sequence number | HCCRS ARF:007 |
| 245 ## - TITLE STATEMENT | |
| Title | HIGH COURT CRIMINAL SESSION NO.666 OF 1970 Uganda Vs George Kagasira |
| 260 ## - PUBLICATION, DISTRIBUTION, ETC. (IMPRINT) | |
| Place of publication, distribution, etc | High Court Kampala |
| 500 ## - GENERAL NOTE | |
| Materials specified | (Original criminal case no. MMR.633 of 1970 in the Magistrate's Court of Mbarara at Mbarara. Before-H.Katembeko , Esq., Magistrate Grade 1.) |
| 500 ## - GENERAL NOTE | |
| Materials specified | BEFORE:The Honourable Mr.Justice S.Musoke |
| Withdrawn status | Lost status | Source of classification or shelving scheme | Damaged status | Not for loan | Location (home branch) | Sublocation or collection (holding branch) | Shelving location | Date acquired | Koha issues (times borrowed) | Koha date last seen | Price effective from | Koha item type | Public note | Koha normalized classification for sorting | Koha full call number | Piece designation (barcode) |
|---|---|---|---|---|---|---|---|---|---|---|---|---|---|---|---|---|
| Dewey Decimal Classification | Archives | Archives | Archives | 06/25/2015 | 06/25/2015 | 06/25/2015 | Un Reported Cases | Judgement was entered on 16th December 1970 | ||||||||
| Dewey Decimal Classification | Archives | Archives | Archives | 06/25/2015 | 06/25/2015 | 06/25/2015 | Un Reported Cases | Judgement was entered on 16th December 1970 | HCCRS_ARF007 | HCCRS ARF:007 | 1089/2015 |
